000 00607nam a22001937a 4500
005 20161205121623.0
010 _aENG-116733
020 _c750.00
_a9788175418660
035 _aEN-100265
037 _bDBAD/PUB
082 _a954.61
100 _aMukherji,Deb
245 _aPerspectives on Nepal :
_cby Deb Mukharji
_brecent history and Indo-Nepal relations /
260 _aDelhi
_bShipra Publications
_c2016
270 _a LG 18-19, Pankaj Central Market, Patparganj,
_bDelhi
_e110092
300 _axvii,198p.
_c23cm(Hb)
500 _a Includes Index
942 _2ddc
_cEN
_mMUK
_h954.61
999 _c104945
_d104945